Logos des marques de bus - Statistiques

Statistiques générales
  • Ce quiz a été pris 142 fois
  • Le résultat moyen est 6 sur 15
Statistiques - réponses
Par images Réponse % Correct
Volvo
97%
Iveco
87%
Man
85%
Mercedes Benz
82%
Irisbus
46%
Heuliez
41%
Setra
29%
VDL
28%
BYD
26%
Solaris
26%
Otokar
25%
Ebusco
13%
Alexander dennis
7%
Dietrich
5%
Bluebird
3%
Aucun quiz correspondant
Distribution des résultats
% des personnes avec chaque résultat
Percentile par nombre de réponses
Votre historique - résultats
Vous n’avez pas pris ce quiz